Tous les cyclistes russes du Tour de France (2001-2020) - Statistiques

Statistiques générales
  • Ce quiz a été pris 101 fois
    38 depuis la dernière actualisation
  • Le résultat moyen est 9 sur 26
Statistiques - réponses
Nb de Tours Equipes Cycliste Meilleur classement Victoire(s) d'étape % Correct
1 Bora-Hansgrohe Aleksandr Vlasov 5e
79%
11 iBanesto.com, Illes Balears, Rabobank, Katusha Denis Menchov 3e 1
76%
4 Katusha, CCC Ilnur Zakarin 9e 1
73%
1 BigMat-Auber 93 Alexei Sivakov 104e
67%
1 Ineos Grenadiers Pavel Sivakov 87e
67%
1 Barloworld Alexander Efimkin 99e
42%
2 AG2R Vladimir Efimkin 10e 1
42%
6 Fassa Bortolon T-Mobile, Astana, Katusha Sergueï Ivanov 40e 2
39%
6 Bouygues Télécom, Katusha Yury Trofimov 14e
39%
9 iBanesto.com, Illes Balears, Caisse d'Epargne, Katusha, Movistar Vladimir Karpets 11e
36%
5 US Postal, Discovery Channel Viatcheslav Ekimov 58e
33%
8 AG2R, Crédit Agricole, Katusha Alexandre Botcharov 16e
30%
2 Katusha Alexandr Kolobnev 65e
27%
3 Katusha Eduard Vorganov 19e
27%
2 Katusha Mikhail Ignatiev 140e
27%
3 Discovery Channel, Katusha Vladimir Gusev 23e
27%
1 Katusha Denis Galimzyanov Abandon
24%
2 Katusha Vladimir Isaychev 157e
24%
3 iBanesto.com, Saeco, Lampre Evgueni Petrov 38e
21%
3 Katusha Pavel Brutt 102e
21%
1 Katusha Nikolay Trusov 122e
18%
2 Katusha Egor Siliin 73e
15%
2 Lotto-Adecco Guennadi Mikhailov 59e
15%
1 Katusha Alexander Porsev Abandon
6%
1 Katusha Dmitry Kozontchuk Abandon
3%
1 Katusha-Alpecin Pavel Kochetkov 61e
3%
Aucun quiz correspondant
Distribution des résultats
% des personnes avec chaque résultat
Percentile par nombre de réponses
Votre historique - résultats
Vous n’avez pas pris ce quiz depuis la dernière actualisation